Представление документа в формате RUSMARC

ПолеНазваниеЗначение
  Тип записи c
  Библиографический уровень m
001 Контрольный номер RU/УОНБ/EK_N/634991764
005 Дата корректировки 20250520124851.2
010 Индекс ISBN __
9 Тираж 12740 экз.
013 Номер (ISMN) __
d Цена 23 к.
071 Издательские номер (звукозапись и ноты) 21
a Номер, присвоенный агентством 1150
100 Данные общей обработки __
a Данные общей обработки 20200214d1965 u y0rusy0189 ca
101 Язык документа 0_
a Язык текста rus
f Язык титульного листа rus
102 Страна публикации __
a Страна публикации RU
105 Кодированные данные (монография) __
a Кодированные данные (монография) y###||||000|y
125 Кодированные данные звукозаписи и нотных изданий __
a Форма изложения нотного текста с
128 Кодированные данные (звукозаписи-физические характеристики) __
a Кодированные данные: Музыкальная форма и тональность или лад zz
c Инструменты или голоса, рекомендуемые для солистов (устаревшее) kt
200 Заглавие и сведения об ответственности 1_
a Заглавие Новые произведения советских композиторов
b Общее обозначение материала Ноты
e Сведения, относящиеся к заглавию [для баяна]
210 Выходные данные 1_
a Место издания Москва
c Издательство Музыка
d Дата издания 1965
215 Физическое описание __
a Объем 18 с.
d Формат 29 см
225 Серия 1_
a Серия Библиотека баяниста
v Обозначение тома [№] 124
327 Примечание о содержании 11
a Примечание о содержании Содерж. : Тихомиров Г. Три пьесы : на рус. нар. темы. - Шишаков Ю. Прелюдия. - Рыбалкин А. Вариации на тувинскую песню "Помни мои слова" композитора Р. Кенденбиль. - Рубинштейн С. Напев ; Галоп.
464 Аналитический уровень _0
1 2001
a Три пьесы
e на рус. нар. темы
1 700 1
a Тихомиров
b Г.
464 Аналитический уровень _0
1 2001
a Прелюдия
1 700 1
a Шишаков
b Ю.
464 Аналитический уровень _0
1 2001
a Вариации
e на тувин. песню "Помни мои слова" композитора Р. Кенденбиль
1 700 1
a Рыбалкин
b А.
1 702 1
a Кенденбиль
b Р.
4 060
464 Аналитический уровень _0
1 2001
a Напев
1 700 1
a Рубинштейн
b С.
464 Аналитический уровень _0
1 2001
a Галоп
1 700 1
a Рубинштейн
b С.
512 Заглавие обложки 1_
a Заглавие обложки Новые произведения советских композиторов
606 Тематические рубрики 0_
a Основная рубрика Баян
x Основная подрубрика Произведения
610 Ключевые слова 0_
a Ключевые слова баян
610 Ключевые слова 0_
a Ключевые слова произведения советских композиторов
686 Индексы других классификаций __
a Классификационный индекс 85.954.6(2)я43
2 Код системы rubbk
801 Источник записи _0
a Страна RU
b Организация Ульяновская ОНБ
c Дата составления 20200214
g Правила каталогизации RCR
801 Источник записи _1
a Страна RU
b Организация Ульяновская ОНБ
c Дата составления 20200214
g Правила каталогизации RCR
901 Тип документа __
t Тип документа m
909 Создатель записи __
a Создатель записи Грязнова И. Е.
938 Служебная информация __
a Имя БД noti
b Имя библиотеки УОНБ
c Имя АИБС МАРК-SQL
d Номер DOC_ID в БД 21981